01179nam a2200241Ia 4500008004100000020001500041050002300056082001400079100002200093240004900115245017300164250001800337260004000355300003700395500003500432504004900467505024700516650001500763650002800778700003800806700004600844700004700890120629s2004 mx a 000 0 spa d a970729101X aBF121 bG7618 2004 a150 G878p aGross, Richard D.10aThe science of mind and behaviourlespañol10aPsicologíab: la ciencia de la mente y la conducta c/ Richard Gross; traductores Gloria Padilla Sierra, Mario Einar Padilla Benítez, Susana Margarita Olivares Bari a3a. edición aMéxico b: Manual Modernoc, 2004 a1082 páginas b: ilustraciones aIncluye Índice y referencias aReferencias bibliográficas pp. 961 - 1052 aI. Naturaleza y alcance de la psicología II. Bases biológicas de la conducta y la experiencia III. Psicología cognitiva IV. Psicología social V. Psicología del desarrollo VI. Diferencias individuales VII. Temas y debates 0aPSICOLOGIA 0aCONDUCTA (PSICOLOGÍA) aPadilla Sierra, Gloriaetraductor aPadilla Benítez, Mario Einaretraductor aOlivares Bari, Susana Margaritaetraductor